L'amante celeste : la distruzione scientifica della lesbica /

Uloženo v:
Podrobná bibliografie
Hlavní autor: Fiocchetto, Rosanna
Médium: Kniha
Jazyk:angličtina
Tagy: Přidat tag
Žádné tagy, Buďte první, kdo vytvoří štítek k tomuto záznamu!

MARC

LEADER 00000nam a2200000 4500
001 CDOM0000001967
003 mi
005 20250929172003.0
008 250929b |||||||| |||| 00| 0 eng d
040 |c mi 
100 |a Fiocchetto, Rosanna 
245 1 |a L'amante celeste :  |b la distruzione scientifica della lesbica /  |c Rosanna Fiocchetto 
942 |2 ddc  |c BK 
952 |0 0  |1 0  |2 ddc  |4 0  |7 0  |9 5712  |a MI  |b MI  |d 1989-02-20  |i 1585  |l 0  |p CDOM1585  |r 2025-07-13 16:28:00  |w 2025-07-13  |x ACQUISTO  |y BK 
999 |c 4554  |d 4554